000 00543nam a2200181Ia 4500
003 GCL
008 140319s9999 xx 000 0 ara d
040 _aGCL /
_cGCL
082 0 4 _a920.72
_bن ك
100 1 _aكيلى كيننى
245 1 0 _aنانسى ريحان فضيحة فى البيت الابيض /
_cكيلى كيننى
260 _a[S.N] :
_bدار الهلال للطباعة والنشر ،
_c1991
300 _a502 ص\
490 _a
650 0 4 _aنساء النبى
650 0 4 _aنانسى ريجان
942 _2ddc
_cBK
999 _c54858
_d54858